[Event "RUS-chTW Premier 2019"]
[Site "Sochi"]
[Date "2019.05.07"]
[Round "6.13"]
[White "Borisova, Ekaterina"]
[Black "Shuvalova, Polina"]
[Result "1/2-1/2"]
[WhiteElo "2292"]
[BlackElo "2439"]
[Annotator "NA"]
[PlyCount "90"]
[EventDate "2019.05.01"]
[EventType "team-tourn"]
[EventCountry "RUS"]
[SourceTitle "playchess.com"]
[Source "ChessBase"]
[SourceQuality "1"]
[TimeControl "40/5400+30:1800+30"]

1. d4 {[%emt 0:00:00]} Nf6 {[%emt 0:00:00]} 2. c4 {[%emt 0:00:00]} e6 {[%emt 0:00:00]} 3. g3 {[%emt 0:00:00]} c5 {[%emt 0:00:00]} 4. d5 {[%emt 0:00:00]} exd5 {[%emt 0:00:07]} 5. cxd5 {[%emt 0:00:00]} d6 {[%emt 0:00:03]} 6. Nc3 {[%emt 0:00:00]} g6 {[%emt 0:00:05]} 7. Bg2 {[%emt 0:00:00]} Bg7 {[%emt 0:00:04]} 8. Nf3 {[%emt 0:00:00]} O-O {[%emt 0:00:06]} 9. O-O {[%emt 0:00:02]} a6 {[%emt 0:00:24]} 10. a4 {[%emt 0:00:04]} Nbd7 {[%emt 0:00:18]} 11. Nd2 {[%emt 0:00:41]} Re8 {[%emt 0:00:40]} 12. h3 {[%emt 0:00:04]} Rb8 {[%emt 0:02:22]} 13. Nc4 {[%emt 0:00:06]} Ne5 {[%emt 0:01:06]} 14. Na3 {[%emt 0:00:07]} Nh5 {[%emt 0:03:25]} 15. e4 {[%emt 0:00:15]} Bd7 {[%emt 0:00:49]} 16. a5 {[%emt 0:00:26]} Qxa5 {[%emt 0:00:23]} 17. g4 {[%emt 0:00:00]} Nf6 18. f4 Nexg4 {[%emt 0:00:52]} 19. hxg4 {[%emt 0:00:28]} Nxg4 {[%emt 0:00:42]} 20. f5 {[%emt 0:00:04]} h5 {[%emt 0:03:05]} 21. Bg5 {[%emt 0:08:31]} Qb4 {[%emt 0:01:08]} 22. f6 {[%emt 0:08:18]} Bh8 {[%emt 0:01:52]} 23. Qd2 {[%emt 0:06:17]} Re5 {[%emt 0:01:58]} 24. Bf4 {[%emt 0:07:39]} Bxf6 {[%emt 0:01:31]} 25. Bxe5 {[%emt 0:03:56]} Bxe5 {[%emt 0:00:32]} 26. Rf3 {[%emt 0:02:45]} c4 {[%emt 0:05:45]} 27. Raf1 {[%emt 0:02:44]} Rf8 {[%emt 0:05:10]} 28. Qg5 {[%emt 0:09:00]} b5 {[%emt 0:04:50]} 29. Nd1 {[%emt 0:06:57]} Kg7 {[%emt 0:08:13]} 30. Qe7 {[%emt 0:04:59]} Be8 {[%emt 0:00:11]} 31. Nc2 {[%emt 0:01:17]} Qd2 {[%emt 0:14:42]} 32. Nde3 {[%emt 0:03:30]} Nxe3 {[%emt 0:03:35]} 33. Nxe3 {[%emt 0:00:04]} Bd4 {[%emt 0:00:19]} 34. Qxd6 {[%emt 0:05:45]} Bxe3+ {[%emt 0:00:13]} 35. Kh1 {[%emt 0:00:03]} Bd4 {[%emt 0:15:19]} 36. e5 {[%emt 0:04:12]} Qg5 {[%emt 0:06:03]} 37. e6 {[%emt 0:03:20]} Be5 {[%emt 0:03:34]} 38. Qc5 {[%emt 0:04:02]} Bxb2 {[%emt 0:02:11]} 39. e7 {[%emt 0:05:10]} Rg8 {[%emt 0:04:04]} 40. Qf2 {[%emt 0:00:00]} Be5 {[%emt 0:00:00]} 41. Rxf7+ {[%emt 0:13:13]} Bxf7 {[%emt 0:12:54]} 42. Qxf7+ {[%emt 0:00:05]} Kh6 {[%emt 0:00:03]} 43. Qf8+ {[%emt 0:00:31]} Rg7 {[%emt 0:05:53]} 44. Qh8+ {[%emt 0:04:22]} Rh7 {[%emt 0:00:02]} 45. Qf8+ {[%emt 0:01:54]} Rg7 {[%emt 0:00:07]} 1/2-1/2

[Event "RUS-chTW Premier 2019"]
[Site "Sochi"]
[Date "2019.05.07"]
[Round "6.14"]
[White "Kovalevskaya, Ekaterina"]
[Black "Smirnova, Ekaterina"]
[Result "1-0"]
[WhiteElo "2413"]
[BlackElo "2204"]
[Annotator "ChessBase"]
[PlyCount "133"]
[EventDate "2019.05.01"]
[EventType "team-tourn"]
[EventCountry "RUS"]
[SourceTitle "playchess.com"]
[Source "ChessBase"]
[SourceQuality "1"]
[TimeControl "40/5400+30:1800+30"]

1. Nf3 {[%emt 0:00:00]} d5 {[%emt 0:00:00]} 2. g3 {[%emt 0:00:00]} Nf6 {[%emt 0:00:00]} 3. Bg2 {[%emt 0:00:00]} c6 {[%emt 0:00:00]} 4. O-O {[%emt 0:00:16]} Bg4 {[%emt 0:00:00]} 5. d3 {[%emt 0:01:49]} Nbd7 {[%emt 0:00:22]} 6. Nbd2 {[%emt 0:00:10]} e5 {[%emt 0:05:37]} 7. e4 {[%emt 0:01:17]} dxe4 {[%emt 0:00:55]} 8. dxe4 {[%emt 0:00:06]} Be7 {[%emt 0:01:31]} 9. Qe2 {[%emt 0:01:37]} O-O {[%emt 0:09:06]} 10. Nc4 {[%emt 0:10:38]} Qc7 {[%emt 0:00:36]} 11. h3 {[%emt 0:18:29]} Bxf3 {[%emt 0:02:27]} 12. Bxf3 {[%emt 0:00:57]} Rad8 {[%emt 0:01:36]} 13. Ne3 {[%emt 0:08:49]} g6 {[%emt 0:03:43]} 14. Ng4 {[%emt 0:11:32]} Nc5 {[%emt 0:07:38]} 15. Nxf6+ {[%emt 0:11:10]} Bxf6 {[%emt 0:00:01]} 16. h4 {[%emt 0:00:10]} Ne6 {[%emt 0:02:29]} 17. c3 {[%emt 0:00:54]} h5 {[%emt 0:03:55]} 18. Be3 {[%emt 0:01:07]} Rd7 {[%emt 0:01:41]} 19. Bg2 {[%emt 0:01:17]} a5 {[%emt 0:06:12]} 20. Bh3 {[%emt 0:01:28]} Rd6 {[%emt 0:07:18]} 21. Rad1 {[%emt 0:11:31]} Rfd8 {[%emt 0:03:02]} 22. Rxd6 {[%emt 0:06:03]} Rxd6 {[%emt 0:00:19]} 23. Qc2 {[%emt 0:00:10]} Qd8 {[%emt 0:07:57]} 24. Qb3 {[%emt 0:01:50]} b5 {[%emt 0:01:32]} 25. a4 {[%emt 0:00:12]} bxa4 {[%emt 0:08:31]} 26. Qxa4 {[%emt 0:00:09]} Bxh4 {[%emt 0:00:09]} 27. gxh4 {[%emt 0:06:41]} Qxh4 {[%emt 0:00:02]} 28. Bg2 {[%emt 0:00:39]} Nf4 {[%emt 0:02:59]} 29. Bxf4 {[%emt 0:00:16]} Qxf4 {[%emt 0:00:46]} 30. Rd1 {[%emt 0:02:28]} Rf6 {[%emt 0:00:18]} 31. Qc2 {[%emt 0:00:08]} h4 {[%emt 0:01:32]} 32. Rd3 {[%emt 0:00:48]} Qg5 {[%emt 0:01:43]} 33. Qd2 {[%emt 0:01:47]} Rf4 {[%emt 0:01:35]} 34. Kf1 {[%emt 0:00:14]} Qf6 {[%emt 0:02:07]} 35. Qe2 {[%emt 0:00:51]} Qe6 {[%emt 0:04:10]} 36. Bh3 {[%emt 0:01:01]} Qa2 {[%emt 0:00:01]} 37. Kg2 {[%emt 0:00:53]} Kg7 {[%emt 0:01:04]} 38. Rf3 {[%emt 0:00:25]} Rxf3 {[%emt 0:01:45]} 39. Kxf3 {[%emt 0:00:02]} a4 {[%emt 0:00:06]} 40. Bg4 {[%emt 0:00:00]} Qb3 {[%emt 0:00:00]} 41. Kg2 {[%emt 0:07:25]} c5 {[%emt 0:05:16]} 42. Qd2 {[%emt 0:02:50]} Qb7 {[%emt 0:02:51]} 43. f3 {[%emt 0:04:10]} Qb3 {[%emt 0:00:54]} 44. Kh3 {[%emt 0:04:42]} Qa2 {[%emt 0:00:43]} 45. Qh2 {[%emt 0:04:31]} Kg8 {[%emt 0:09:14]} 46. Bd7 {[%emt 0:02:38]} Qb3 {[%emt 0:01:01]} 47. Qd2 {[%emt 0:02:48]} Qa2 {[%emt 0:00:09]} 48. Qg2 {[%emt 0:01:30]} a3 {[%emt 0:01:42]} 49. bxa3 {[%emt 0:00:17]} Qxa3 {[%emt 0:00:01]} 50. Qd2 {[%emt 0:00:37]} Qa1 {[%emt 0:00:34]} 51. Kg2 {[%emt 0:00:48]} Kg7 {[%emt 0:00:42]} 52. Bb5 {[%emt 0:01:35]} Qa7 {[%emt 0:02:18]} 53. Bc4 {[%emt 0:03:24]} Qe7 {[%emt 0:00:05]} 54. Kh3 {[%emt 0:01:03]} Qf6 {[%emt 0:01:39]} 55. Kg4 {[%emt 0:00:32]} Qe7 {[%emt 0:02:18]} 56. Qg5 {[%emt 0:00:33]} f6 {[%emt 0:00:09]} 57. Qd2 {[%emt 0:00:15]} Qf8 {[%emt 0:01:41]} 58. Kxh4 {[%emt 0:00:17]} Qh8+ {[%emt 0:00:11]} 59. Kg3 {[%emt 0:00:09]} Qh1 {[%emt 0:00:05]} 60. Qd7+ {[%emt 0:00:25]} Kh6 {[%emt 0:00:08]} 61. Qh3+ {[%emt 0:00:07]} Qxh3+ {[%emt 0:00:03]} 62. Kxh3 {[%emt 0:00:09]} Kg5 {[%emt 0:00:03]} 63. Kg3 {[%emt 0:00:06]} f5 {[%emt 0:00:04]} 64. Be6 {[%emt 0:00:22]} Kf6 {[%emt 0:00:14]} 65. Bd7 {[%emt 0:01:05]} Kg5 {[%emt 0:00:04]} 66. Bc8 {[%emt 0:00:10]} Kf6 {[%emt 0:00:04]} 67. Kh4 {[%emt 0:00:21]} 1-0

[Event "RUS-chTW Premier 2019"]
[Site "Sochi"]
[Date "2019.05.07"]
[Round "6.15"]
[White "Tomashevskaya, Lidia"]
[Black "Bivol, Alina"]
[Result "0-1"]
[WhiteElo "2128"]
[BlackElo "2393"]
[Annotator "NA"]
[PlyCount "80"]
[EventDate "2019.05.01"]
[EventType "team-tourn"]
[EventCountry "RUS"]
[SourceTitle "playchess.com"]
[Source "ChessBase"]
[SourceQuality "1"]
[TimeControl "40/5400+30:1800+30"]

1. e4 {[%emt 0:00:00]} e6 {[%emt 0:00:00]} 2. d4 {[%emt 0:00:00]} d5 {[%emt 0:00:00]} 3. Nc3 {[%emt 0:00:00]} dxe4 {[%emt 0:00:05]} 4. Nxe4 {[%emt 0:00:00]} Nd7 {[%emt 0:00:31]} 5. Nf3 {[%emt 0:00:31]} Ngf6 {[%emt 0:00:14]} 6. Bg5 {[%emt 0:01:30]} Be7 {[%emt 0:00:21]} 7. Nxf6+ {[%emt 0:04:44]} Bxf6 {[%emt 0:00:41]} 8. Qd2 {[%emt 0:03:35]} Bxg5 {[%emt 0:02:50]} 9. Nxg5 {[%emt 0:01:57]} Nf6 {[%emt 0:00:27]} 10. Bd3 {[%emt 0:01:39]} Bd7 {[%emt 0:03:09]} 11. c3 {[%emt 0:04:03]} Bc6 {[%emt 0:01:43]} 12. f3 {[%emt 0:01:19]} h6 {[%emt 0:01:51]} 13. Nh3 {[%emt 0:00:20]} Qd6 {[%emt 0:03:11]} 14. O-O-O {[%emt 0:03:16]} a5 {[%emt 0:01:02]} 15. Nf2 {[%emt 0:05:04]} b5 {[%emt 0:07:15]} 16. Ne4 {[%emt 0:04:30]} Nxe4 {[%emt 0:00:22]} 17. fxe4 {[%emt 0:00:29]} e5 {[%emt 0:06:25]} 18. Qf2 {[%emt 0:07:05]} O-O {[%emt 0:07:23]} 19. Qf5 {[%emt 0:03:07]} Rae8 {[%emt 0:01:23]} 20. Bc2 {[%emt 0:04:00]} Bd7 {[%emt 0:07:26]} 21. Qh5 {[%emt 0:12:12]} exd4 {[%emt 0:06:25]} 22. Rxd4 {[%emt 0:00:06]} Qf4+ {[%emt 0:00:36]} 23. Kb1 {[%emt 0:00:06]} Bc6 {[%emt 0:04:36]} 24. Bd3 {[%emt 0:19:29]} Re5 {[%emt 0:02:09]} 25. Qf3 {[%emt 0:00:26]} Qh4 {[%emt 0:02:12]} 26. g4 {[%emt 0:03:31]} Rfe8 {[%emt 0:02:09]} 27. Rf1 {[%emt 0:01:15]} Qe7 {[%emt 0:00:15]} 28. Ka1 {[%emt 0:02:05]} Bb7 {[%emt 0:00:35]} 29. b4 {[%emt 0:04:56]} c5 {[%emt 0:05:08]} 30. bxc5 {[%emt 0:00:05]} Rxc5 {[%emt 0:00:21]} 31. Bc2 {[%emt 0:01:35]} a4 {[%emt 0:06:56]} 32. Qd3 {[%emt 0:01:13]} Bc8 {[%emt 0:05:38]} 33. e5 {[%emt 0:04:00]} g6 {[%emt 0:00:27]} 34. Rd6 {[%emt 0:04:23]} Be6 {[%emt 0:09:44]} 35. Rf6 {[%emt 0:03:21]} Rxe5 {[%emt 0:01:03]} 36. Rxg6+ {[%emt 0:00:45]} fxg6 {[%emt 0:00:01]} 37. Qxg6+ {[%emt 0:00:08]} Kf8 {[%emt 0:00:15]} 38. Qxh6+ {[%emt 0:01:37]} Qg7 {[%emt 0:00:22]} 39. Qf4+ {[%emt 0:00:11]} Kg8 {[%emt 0:00:18]} 40. Ra6 {[%emt 0:00:00]} Rc5 {[%emt 0:00:00]} 0-1

[Event "RUS-chTW Premier 2019"]
[Site "Sochi"]
[Date "2019.05.07"]
[Round "6.16"]
[White "Voit, Daria"]
[Black "Tishova, Svetlana"]
[Result "1-0"]
[WhiteElo "2340"]
[BlackElo "2093"]
[Annotator "NA"]
[PlyCount "91"]
[EventDate "2019.05.01"]
[EventType "team-tourn"]
[EventCountry "RUS"]
[SourceTitle "playchess.com"]
[Source "ChessBase"]
[SourceQuality "1"]
[TimeControl "40/5400+30:1800+30"]

1. d4 {[%emt 0:00:00]} Nf6 {[%emt 0:00:00]} 2. Nf3 {[%emt 0:00:00]} d5 {[%emt 0:00:04]} 3. g3 {[%emt 0:00:00]} Bf5 {[%emt 0:00:35]} 4. Bg2 {[%emt 0:00:09]} c6 {[%emt 0:00:58]} 5. O-O {[%emt 0:00:38]} h6 {[%emt 0:00:30]} 6. c4 {[%emt 0:00:21]} e6 {[%emt 0:00:54]} 7. Nc3 {[%emt 0:02:39]} Nbd7 {[%emt 0:02:13]} 8. Qb3 {[%emt 0:08:52]} Qb6 {[%emt 0:00:34]} 9. c5 {[%emt 0:00:22]} Qxb3 {[%emt 0:02:50]} 10. axb3 {[%emt 0:00:04]} a6 {[%emt 0:00:10]} 11. b4 {[%emt 0:00:10]} Rc8 {[%emt 0:00:24]} 12. h3 {[%emt 0:00:28]} Bh7 {[%emt 0:03:26]} 13. g4 {[%emt 0:01:49]} Be7 {[%emt 0:19:43]} 14. Bf4 {[%emt 0:00:30]} Bd8 15. Nd2 {[%emt 0:00:46]} g5 {[%emt 0:07:59]} 16. Bd6 {[%emt 0:00:47]} h5 {[%emt 0:12:39]} 17. f3 {[%emt 0:06:20]} Nf8 {[%emt 0:09:31]} 18. e4 {[%emt 0:28:55]} Ng6 {[%emt 0:03:00]} 19. exd5 {[%emt 0:09:05]} exd5 {[%emt 0:05:23]} 20. b5 {[%emt 0:09:33]} axb5 {[%emt 0:05:18]} 21. Ra7 {[%emt 0:07:09]} Bc7 {[%emt 0:01:35]} 22. Rxb7 {[%emt 0:01:58]} Bxd6 {[%emt 0:01:14]} 23. cxd6 {[%emt 0:00:02]} O-O {[%emt 0:01:30]} 24. Ra1 {[%emt 0:03:27]} Nf4 {[%emt 0:01:58]} 25. Nb3 {[%emt 0:03:15]} Rcd8 {[%emt 0:03:44]} 26. Rb6 {[%emt 0:07:28]} Rxd6 {[%emt 0:06:46]} 27. Nxb5 {[%emt 0:00:10]} Re6 {[%emt 0:01:53]} 28. Nc3 {[%emt 0:00:35]} Rfe8 {[%emt 0:02:39]} 29. Bf1 {[%emt 0:04:40]} Nd7 {[%emt 0:05:14]} 30. Rb7 {[%emt 0:00:30]} Nf8 {[%emt 0:00:19]} 31. Kf2 {[%emt 0:00:51]} N8g6 {[%emt 0:01:53]} 32. Raa7 {[%emt 0:00:42]} R6e7 {[%emt 0:00:14]} 33. Na5 {[%emt 0:00:46]} Rxb7 {[%emt 0:00:09]} 34. Rxb7 {[%emt 0:00:02]} Re6 {[%emt 0:00:30]} 35. Na4 {[%emt 0:00:41]} Rf6 {[%emt 0:01:10]} 36. Nc5 {[%emt 0:00:05]} Nf8 {[%emt 0:00:16]} 37. Rb8 {[%emt 0:01:35]} Kg7 {[%emt 0:00:39]} 38. Rc8 {[%emt 0:01:10]} hxg4 {[%emt 0:00:19]} 39. hxg4 {[%emt 0:00:03]} N4e6 {[%emt 0:00:45]} 40. Nxc6 {[%emt 0:00:00]} Be4 {[%emt 0:00:00]} 41. Be2 {[%emt 0:01:53]} Ng6 {[%emt 0:14:08]} 42. Ke3 {[%emt 0:04:58]} Bb1 {[%emt 0:00:23]} 43. Nd7 {[%emt 0:02:03]} Rf4 {[%emt 0:00:10]} 44. b4 {[%emt 0:00:12]} Nh4 {[%emt 0:00:51]} 45. b5 {[%emt 0:00:46]} Ng2+ {[%emt 0:01:36]} 46. Kf2 {[%emt 0:00:12]} 1-0

[Event "RUS-chTW Premier 2019"]
[Site "Sochi"]
[Date "2019.05.08"]
[Round "7.1"]
[White "Ambartsumova, Karina"]
[Black "Bodnaruk, Anastasia"]
[Result "0-1"]
[WhiteElo "2364"]
[BlackElo "2431"]
[Annotator "RC"]
[PlyCount "97"]
[EventDate "2019.04.30"]
[EventType "team-tourn"]
[EventCountry "RUS"]
[SourceTitle "playchess.com"]
[Source "ChessBase"]
[SourceQuality "1"]
[TimeControl "40/5400+30:1800+30"]

1. Nf3 {[%emt 0:00:00]} Nf6 {[%emt 0:00:00]} 2. g3 {[%emt 0:00:27]} g6 {[%emt 0:00:00]} 3. d4 {[%emt 0:00:47]} Bg7 {[%emt 0:00:07]} 4. Bg2 {[%emt 0:00:32]} O-O {[%emt 0:00:10]} 5. O-O {[%emt 0:00:51]} d6 {[%emt 0:00:16]} 6. b3 {[%emt 0:00:27]} Nc6 {[%emt 0:08:54]} 7. Bb2 {[%emt 0:03:01]} e5 {[%emt 0:00:27]} 8. dxe5 {[%emt 0:01:37]} Ng4 {[%emt 0:00:05]} 9. Qc1 {[%emt 0:09:54]} dxe5 {[%emt 0:06:25]} 10. h3 Nh6 11. Rd1 {[%emt 0:20:21]} Bd7 {[%emt 0:00:47]} 12. Nbd2 {[%emt 0:01:56]} Qc8 {[%emt 0:05:52]} 13. Kh2 {[%emt 0:02:21]} Nf5 {[%emt 0:04:26]} 14. Ne4 {[%emt 0:07:12]} b6 {[%emt 0:19:07]} 15. e3 {[%emt 0:07:14]} Nfe7 {[%emt 0:06:39]} 16. Nc3 {[%emt 0:09:13]} f6 {[%emt 0:15:37]} 17. Nd5 {[%emt 0:10:53]} Nxd5 {[%emt 0:01:40]} 18. Rxd5 {[%emt 0:00:01]} Ne7 {[%emt 0:02:08]} 19. Rd2 {[%emt 0:01:20]} Bc6 {[%emt 0:05:32]} 20. Qf1 {[%emt 0:04:39]} Qe6 {[%emt 0:02:43]} 21. Rad1 {[%emt 0:01:15]} Nf5 {[%emt 0:05:16]} 22. Ba3 {[%emt 0:06:44]} Rfe8 {[%emt 0:00:48]} 23. Ng1 {[%emt 0:01:17]} e4 {[%emt 0:01:52]} 24. Ne2 {[%emt 0:00:14]} g5 {[%emt 0:04:03]} 25. Nd4 {[%emt 0:02:34]} Nxd4 {[%emt 0:00:05]} 26. exd4 {[%emt 0:00:07]} Rad8 {[%emt 0:03:01]} 27. c4 {[%emt 0:01:15]} Qf7 {[%emt 0:00:06]} 28. d5 {[%emt 0:02:43]} Bd7 {[%emt 0:03:14]} 29. Bb2 {[%emt 0:01:57]} Bf8 {[%emt 0:03:10]} 30. Re2 {[%emt 0:00:44]} f5 {[%emt 0:00:32]} 31. Qe1 {[%emt 0:02:50]} Bd6 {[%emt 0:00:47]} 32. Qc3 {[%emt 0:00:03]} Be5 {[%emt 0:01:12]} 33. Qd2 {[%emt 0:00:25]} Qg6 {[%emt 0:00:55]} 34. Bxe5 Rxe5 {[%emt 0:00:01]} 35. f4 {[%emt 0:01:49]} gxf4 {[%emt 0:00:46]} 36. gxf4 {[%emt 0:00:21]} Re7 {[%emt 0:00:17]} 37. Bxe4 {[%emt 0:00:16]} fxe4 {[%emt 0:00:52]} 38. Rg2 {[%emt 0:00:24]} e3 {[%emt 0:00:31]} 39. Qd3 {[%emt 0:00:55]} Kf7 {[%emt 0:00:30]} 40. Rxg6 {[%emt 0:00:00]} hxg6 {[%emt 0:00:00]} 41. Kg3 {[%emt 0:17:17]} Bf5 {[%emt 0:18:08]} 42. Qe2 {[%emt 0:02:50]} Re4 {[%emt 0:03:26]} 43. a3 {[%emt 0:04:50]} a5 {[%emt 0:04:43]} 44. h4 {[%emt 0:03:05]} Rh8 {[%emt 0:01:02]} 45. Rd3 {[%emt 0:01:50]} g5 {[%emt 0:01:35]} 46. hxg5 {[%emt 0:02:30]} Ree8 {[%emt 0:02:38]} 47. Qb2 {[%emt 0:01:49]} e2 {[%emt 0:01:18]} 48. Qf6+ {[%emt 0:00:39]} Kg8 {[%emt 0:00:01]} 49. Re3 {[%emt 0:01:01]} 0-1

[Event "RUS-chTW Premier 2019"]
[Site "Sochi"]
[Date "2019.05.08"]
[Round "7.2"]
[White "Ovod, Evgenija"]
[Black "Markelova, Lubov"]
[Result "1/2-1/2"]
[WhiteElo "2362"]
[BlackElo "2199"]
[Annotator "TA"]
[PlyCount "106"]
[EventDate "2019.04.30"]
[EventType "team-tourn"]
[EventCountry "RUS"]
[SourceTitle "playchess.com"]
[Source "ChessBase"]
[SourceQuality "1"]

{[%evp 21,106,14,14,14,14,16,20,20,20,6,16,11,23,13,23,18,31,25,24,25,30,34,37,35,50,33,50,24,39,18,19,24,35,0,0,0,0,0,0,0,0,0,0,0,0,0,0,0,0,0,0,0,0,0,0,0,0,0,0,0,0,0,0,0,0,0,0,0,0,0,0,0,0,0,0,0,0,0,0,0,0,0,0,0,0,0,0]} 1. e4 e6 2. d4 d5 3. Nd2 c5 4. Ngf3 Nf6 5. exd5 exd5 6. Bb5+ Bd7 7. Bxd7+ Nbxd7 {[%cal Bb8d7,Bd7c5,Bc5e4][%mdl 32]} 8. O-O Be7 9. dxc5 Nxc5 10. Nb3 {[%cal Bd2b3,Bb3d4,Bd4f5][%mdl 32]} Nce4 11. Nbd4 O-O 12. Nf5 {C08: French Tarrasch: 3...c5 4 exd5 exd5 sidelines} Bc5 13. Be3 Re8 14. Bxc5 Nxc5 15. c3 Qd7 $146 ({Predecessor:} 15... a5 16. Qc2 a4 17. a3 Qb6 18. Rad1 Nce4 19. N3d4 Re5 {1-0 (67) Mamedov,N (2463)-Mohajerin Esfahani,P (2334) Lahijan 2005}) 16. N3d4 Ne6 17. Re1 Nxd4 18. Nxd4 Re4 19. f3 Rxe1+ 20. Qxe1 Re8 21. Qd2 Re5 22. Re1 Qe7 23. Kf2 g6 24. g3 Nd7 25. Rxe5 Nxe5 26. Qe2 Kf8 27. f4 (27. h4 {feels hotter.} a6 28. b3 Qf6 29. Qd2 Kg7 30. a4) 27... Nc4 {The position is equal.} 28. Qxe7+ Kxe7 $11 {[%mdl 4096] Endgame KN-KN} 29. b3 Nd2 30. Ne2 h5 31. h3 Kd6 32. g4 hxg4 33. hxg4 Ne4+ 34. Kf3 a6 35. c4 Nf6 36. g5 Nd7 37. cxd5 Kxd5 38. Ke3 Nc5 39. Nc3+ Kd6 40. b4 Ne6 41. Ke4 Nd8 42. a3 Ne6 43. Ne2 Nc7 44. Nc3 Nb5 45. Nxb5+ axb5 {KP-KP} 46. Kd4 b6 47. Ke4 Ke6 48. Ke3 f6 {[#] And now ...fxg5 would win.} (48... Kf5 $5) 49. gxf6 Kxf6 50. Kf2 g5 51. Kf3 {White wants to mate with fxg5+.} gxf4 $1 52. Kxf4 Ke6 {[#] ( -> ...Kd5)} 53. Ke4 Kd6 {Accuracy: White = 79%, Black = 74%.} 1/2-1/2

[Event "RUS-chTW Premier 2019"]
[Site "Sochi"]
[Date "2019.05.08"]
[Round "7.3"]
[White "Shafigullina, Zarina"]
[Black "Belenkaya, Dina"]
[Result "1-0"]
[WhiteElo "2299"]
[BlackElo "2315"]
[Annotator "NA RC"]
[PlyCount "99"]
[EventDate "2019.04.30"]
[EventType "team-tourn"]
[EventCountry "RUS"]
[SourceTitle "playchess.com"]
[Source "ChessBase"]
[SourceQuality "1"]
[TimeControl "40/5400+30:1800+30"]

1. d4 {[%emt 0:00:00]} d5 {[%emt 0:00:00]} 2. Nf3 {[%emt 0:00:00]} Nf6 {[%emt 0:00:00]} 3. g3 {[%emt 0:00:00]} c5 {[%emt 0:00:22]} 4. Bg2 {[%emt 0:02:52]} cxd4 {[%emt 0:00:54]} 5. Nxd4 {[%emt 0:00:07]} e5 {[%emt 0:00:38]} 6. Nf3 {[%emt 0:00:05]} Nc6 {[%emt 0:01:04]} 7. O-O {[%emt 0:00:21]} h6 {[%emt 0:08:34]} 8. c4 {[%emt 0:09:43]} Be6 {[%emt 0:01:53]} 9. cxd5 {[%emt 0:00:17]} Nxd5 {[%emt 0:00:26]} 10. Nfd2 {[%emt 0:10:11]} Be7 {[%emt 0:01:22]} 11. Ne4 {[%emt 0:00:33]} O-O {[%emt 0:00:52]} 12. Nbc3 {[%emt 0:01:40]} Nxc3 {[%emt 0:08:15]} 13. Nxc3 {[%emt 0:00:13]} Qa5 {[%emt 0:03:06]} 14. Nd5 {[%emt 0:03:58]} Bc5 {[%emt 0:14:11]} 15. Bd2 {[%emt 0:08:44]} Qd8 {[%emt 0:00:43]} 16. Bc3 {[%emt 0:00:27]} Nd4 {[%emt 0:02:37]} 17. Nb4 {[%emt 0:04:07]} Qb6 {[%emt 0:01:47]} 18. Nd3 {[%emt 0:08:49]} Rfd8 {[%emt 0:01:46]} 19. Kh1 {[%emt 0:03:25]} Nc6 {[%emt 0:02:53]} 20. Qa4 {[%emt 0:01:55]} Bd6 {[%emt 0:05:10]} 21. f4 {[%emt 0:03:25]} Bd7 {[%emt 0:04:40]} 22. fxe5 {[%emt 0:01:58]} Nb4 {[%emt 0:13:12]} 23. Qd1 {[%emt 0:01:53]} Be7 {[%emt 0:00:53]} 24. Bxb4 {[%emt 0:02:11]} Bxb4 {[%emt 0:00:18]} 25. Qb3 {[%emt 0:00:08]} a5 {[%emt 0:07:48]} 26. Qxf7+ {[%emt 0:00:15]} Kh8 {[%emt 0:00:04]} 27. Nf4 {[%emt 0:02:29]} Be8 {[%emt 0:01:37]} 28. Qf5 {[%emt 0:06:59]} Rd4 {[%emt 0:06:53]} 29. e3 {[%emt 0:11:49]} Rd2 {[%emt 0:00:26]} 30. Be4 {[%emt 0:04:32]} g6 {[%emt 0:00:11]} 31. Qh3 {[%emt 0:03:27]} Kh7 {[%emt 0:00:39]} 32. Nd5 {[%emt 0:00:17]} Rxd5 {[%emt 0:07:46]} 33. Bxd5 {[%emt 0:00:05]} Rd8 {[%emt 0:00:26]} 34. e4 {[%emt 0:02:22]} Be7 {[%emt 0:00:37]} 35. Qe6 {[%emt 0:02:02]} Qxe6 {[%emt 0:00:07]} 36. Bxe6 {[%emt 0:00:01]} b6 {[%emt 0:00:50]} 37. Rad1 {[%emt 0:00:33]} Kg7 {[%emt 0:02:43]} 38. Rxd8 {[%emt 0:02:22]} Bxd8 {[%emt 0:00:02]} 39. Rd1 {[%emt 0:00:11]} Be7 {[%emt 0:02:04]} 40. Bd7 {[%emt 0:00:00]} Bf7 {[%emt 0:00:00]} 41. e6 {[%emt 0:00:10]} Bg8 {[%emt 0:00:06]} 42. e5 {[%emt 0:00:07]} Bc5 {[%emt 0:00:52]} 43. Bc8 {[%emt 0:01:38]} Be7 {[%emt 0:00:41]} 44. Rd7 {[%emt 0:00:49]} Kf8 {[%emt 0:00:04]} 45. Rb7 {[%emt 0:00:23]} Bc5 {[%emt 0:00:18]} 46. Kg2 {[%emt 0:00:44]} Bd4 {[%emt 0:00:50]} 47. e7+ {[%emt 0:06:30]} Ke8 {[%emt 0:00:16]} 48. Rd7 {[%emt 0:00:05]} Be6 {[%emt 0:02:14]} 49. Rxd4 {[%emt 0:00:06]} Bxc8 {[%emt 0:00:05]} 50. Rd8+ {[%emt 0:00:04]} 1-0

[Event "RUS-chTW Premier 2019"]
[Site "Sochi"]
[Date "2019.05.08"]
[Round "7.4"]
[White "Balaian, Alina"]
[Black "Bulatova, Kamaliya"]
[Result "1/2-1/2"]
[WhiteElo "2250"]
[BlackElo "2103"]
[Annotator "NA RC"]
[PlyCount "49"]
[EventDate "2019.04.30"]
[EventType "team-tourn"]
[EventCountry "RUS"]
[SourceTitle "playchess.com"]
[Source "ChessBase"]
[SourceQuality "1"]
[TimeControl "40/5400+30:1800+30"]

1. e4 {[%emt 0:00:00]} c5 {[%emt 0:00:00]} 2. Nf3 {[%emt 0:00:00]} d6 {[%emt 0:00:00]} 3. d4 {[%emt 0:00:00]} cxd4 {[%emt 0:00:00]} 4. Nxd4 {[%emt 0:00:00]} Nf6 {[%emt 0:00:00]} 5. Nc3 {[%emt 0:00:00]} a6 {[%emt 0:00:00]} 6. Be3 {[%emt 0:00:19]} e5 {[%emt 0:00:00]} 7. Nb3 {[%emt 0:00:16]} Be6 {[%emt 0:00:06]} 8. f3 {[%emt 0:00:26]} Be7 {[%emt 0:00:18]} 9. Qd2 {[%emt 0:00:27]} O-O {[%emt 0:00:35]} 10. O-O-O {[%emt 0:00:24]} Nbd7 {[%emt 0:00:05]} 11. g4 {[%emt 0:00:28]} b5 {[%emt 0:00:04]} 12. g5 {[%emt 0:00:15]} Nh5 {[%emt 0:00:05]} 13. Nd5 {[%emt 0:00:39]} Bxd5 {[%emt 0:00:10]} 14. exd5 {[%emt 0:00:09]} f6 {[%emt 0:01:22]} 15. gxf6 {[%emt 0:00:10]} Bxf6 {[%emt 0:05:42]} 16. Na5 {[%emt 0:01:04]} Qe8 {[%emt 0:00:41]} 17. Kb1 {[%emt 0:07:48]} Bd8 {[%emt 0:06:03]} 18. Nc6 {[%emt 0:08:12]} Bb6 {[%emt 0:09:01]} 19. Bg5 {[%emt 0:04:19]} Rxf3 {[%emt 0:16:10]} 20. Be2 {[%emt 0:00:27]} Rf2 {[%emt 0:00:50]} 21. Bh4 {[%emt 0:00:48]} Rf4 {[%emt 0:06:02]} 22. Bg5 {[%emt 0:01:38]} Rf2 {[%emt 0:04:36]} 23. Bh4 {[%emt 0:02:25]} Rf4 {[%emt 0:07:01]} 24. Bg5 {[%emt 0:02:06]} Rf2 {[%emt 0:00:37]} 25. Bh4 {[%emt 0:02:31]} 1/2-1/2